Forecasting crude oil prices using event extraction and time series analysis / (Record no. 234581)

MARC details
000 -LEADER
fixed length control field 00554nam a22001697a 4500
003 - CONTROL NUMBER IDENTIFIER
control field OSt
005 - DATE AND TIME OF LATEST TRANSACTION
control field 20251213114225.0
008 - FIXED-LENGTH DATA ELEMENTS--GENERAL INFORMATION
fixed length control field 250704b |||||||| |||| 00| 0 eng d
040 ## - CATALOGING SOURCE
Transcribing agency AIMIT LIBRARY
100 ## - MAIN ENTRY--PERSONAL NAME
Personal name Ishwarya.
Relator term 222108
9 (RLIN) 217270
245 ## - TITLE STATEMENT
Title Forecasting crude oil prices using event extraction and time series analysis /
Statement of responsibility, etc. By Ishwarya.
260 ## - PUBLICATION, DISTRIBUTION, ETC.
Place of publication, distribution, etc. Mangalore ;
Date of publication, distribution, etc. 2024.
700 ## - ADDED ENTRY--PERSONAL NAME
Personal name T, Vanitha.
Relator term Mentor
9 (RLIN) 217271
700 ## - ADDED ENTRY--PERSONAL NAME
Personal name M P, Praveen.
Relator term Guide.
9 (RLIN) 217272
856 ## - ELECTRONIC LOCATION AND ACCESS
Materials specified Numentrix Consulting, Bangalore
Uniform Resource Identifier <a href=" www.numentrix.com"> www.numentrix.com</a>
942 ## - ADDED ENTRY ELEMENTS (KOHA)
Source of classification or shelving scheme Dewey Decimal Classification
Koha item type Project Report
Holdings
Withdrawn status Lost status Source of classification or shelving scheme Damaged status Not for loan Collection code Home library Current library Date acquired Total Checkouts Barcode Date last seen Copy number Uniform Resource Identifier Price effective from Koha item type
    Dewey Decimal Classification   Not for loan Project Report M.Sc. Data Science St Aloysius Institute of Management & Information Technology St Aloysius Institute of Management & Information Technology 08/01/2024   PDS00008 07/04/2025 222108 wwwnumentrix.com 07/04/2025 Project Report